| 000 | 01014pam a2200313 a 4500 | ||
|---|---|---|---|
| 003 | OSt | ||
| 005 | 20140310184419.0 | ||
| 008 | 900112s1992 nyua j 000 1 eng | ||
| 010 | _a 90030527 | ||
| 020 | _a0060224967 | ||
| 020 | _a0060224975 (lib. bdg.) | ||
| 040 |
_aDLC _cDLC _dDLC |
||
| 042 | _alcac | ||
| 050 | 0 | 0 |
_aPZ 8 _b.P274Ki 1999 |
| 100 | 1 |
_aPaterson, Katherine. _9578 |
|
| 245 | 1 | 4 |
_aThe king's equal / _cKatherine Paterson ; illustrated by Vladimir Vagin. |
| 250 | _a1st ed. | ||
| 260 |
_aNew York : _bHarperCollins, _c1999. |
||
| 300 |
_a64 p. : _bcol. ill. ; _c26 cm. |
||
| 521 | _aG5 | ||
| 526 | _c780 | ||
| 650 | 1 |
_aFairy tales. _93114 |
|
| 700 | 1 |
_aVagin, Vladimir Vasilʹevich, _d1937- _eill. _926600 |
|
| 906 |
_a7 _bcbc _corignew _d1 _eocip _f19 _gy-gencatlg |
||
| 942 |
_2lcc _cBK-SCHOLAS |
||
| 999 |
_c34207 _d34207 |
||